القواعد والضوابط الشرعية لإصلاح الأسرة في المجتمع المعاصر : (Record no. 179924)
[ view plain ]
| 000 -LEADER | |
|---|---|
| fixed length control field | 04414namaa22004091i 4500 |
| 003 - CONTROL NUMBER IDENTIFIER | |
| control field | OSt |
| 005 - أخر تعامل مع التسجيلة | |
| control field | 20260503130121.0 |
| 008 - FIXED-LENGTH DATA ELEMENTS--GENERAL INFORMATION | |
| fixed length control field | 250827s2023 ua a|||frm||| 000 0 eng d |
| 040 ## - CATALOGING SOURCE | |
| Original cataloguing agency | EG-GICUC |
| Language of cataloging | ara |
| Transcribing agency | EG-GICUC |
| Modifying agency | EG-GICUC |
| Description conventions | rda |
| 041 0# - LANGUAGE CODE | |
| Language code of text/sound track or separate title | ara |
| Language code of summary or abstract | ara |
| -- | eng |
| 049 ## - Acquisition Source | |
| Acquisition Source | إيداع |
| 082 04 - DEWEY DECIMAL CLASSIFICATION NUMBER | |
| Classification number | 254.1 |
| 092 ## - LOCALLY ASSIGNED DEWEY CALL NUMBER (OCLC) | |
| Classification number | 254.1 |
| Edition number | 21 |
| 097 ## - Degree | |
| Degree | دكتـــــوراه |
| 099 ## - LOCAL FREE-TEXT CALL NUMBER (OCLC) | |
| Local Call Number | Cai01.06.04.Ph.D.2023.مه.ق |
| 100 0# - MAIN ENTRY--PERSONAL NAME | |
| Authority record control number or standard number | ،مها محمد البشير حسين نافع |
| Preparation | إعداد. |
| 245 10 - TITLE STATEMENT | |
| Title | القواعد والضوابط الشرعية لإصلاح الأسرة في المجتمع المعاصر : |
| Remainder of title | دراسة فقهية تطبيقية / |
| Statement of responsibility, etc. | إعداد مها محمد البشير حسين نافع؛ إشراف أ.د/ أحمد علي أحمد موافي. |
| 246 15 - VARYING FORM OF TITLE | |
| Title proper/short title | Shari’ah rules and controls for family reform in contemporary society : |
| Remainder of title | An applied jurisprudential study / |
| 264 #0 - PRODUCTION, PUBLICATION, DISTRIBUTION, MANUFACTURE, AND COPYRIGHT NOTICE | |
| Date of production, publication, distribution, manufacture, or copyright notice | 2023. |
| 300 ## - PHYSICAL DESCRIPTION | |
| Extent | 313 صفحة : |
| Other physical details | إيضاحيات ؛ |
| Dimensions | 30 سم. + |
| Accompanying material | CD. |
| 336 ## - CONTENT TYPE | |
| Content type term | text |
| Source | rda content |
| 337 ## - MEDIA TYPE | |
| Media type term | Unmediated |
| Source | rdamedia |
| 338 ## - CARRIER TYPE | |
| Carrier type term | volume |
| Source | rdacarrier |
| 502 ## - DISSERTATION NOTE | |
| Dissertation note | أطروحة (دكتوراه)-جامعة القاهرة، 2023. |
| 504 ## - BIBLIOGRAPHY, ETC. NOTE | |
| Bibliography, etc. note | ببليوجرافيا: صفحات 285-306. |
| 520 ## - SUMMARY, ETC. | |
| Summary, etc. | موضوع الرسالة: الكشف عن أهم القواعد والضوابط الفقهية المسهمة في حل مشكلات الأسرة في المجتمع المعاصر.خطة الرسالة: جاءت هذه الرسالة في تمهيد، وأربعة فصول، وخاتمة.أما التمهيد: فبحثت فيه مفهوم القواعد والضوابط، ثم بينت أهميتها، وحجيتها.وأما الفصول فقد تناولتها كالآتي: الفصل الأول بعنوان: القواعد الفقهية التي تعالج مشكلات الخطبة.تناولت فيه أهم القضايا والمشكلات التي تحدث أثناء الخطبة، مؤصلة لها تأصيلا فقهيا، وموضحة أهم القواعد الفقهية المسهمة في حل هذه المشكلات.الفصل الثاني بعنوان: القواعد الفقهية التي تعالج مشكلات العقد.تناولت فيه أهم المشكلات المتعلقة بفترة العقد مؤصلة لها تأصيلا فقهيا، وموضحة للقواعد والضوابط الفقهية المسهمة في حل هذه المشكلات.الفصل الثالث بعنوان: القواعد الفقهية التي تعالج المشكلات المتعلقة بالحقوق الزوجية.تناولت فيه أهم المشكلات المتعلقة بالحقوق الزوجية مؤصلة إياها تأصيلا فقهيا، ثم بينت القواعد والضوابط الفقهية المسهمة في حل هذه المشكلات الفصل الرابع بعنوان: المشكلات المستجدة في باب النكاح.تناولت فيه أهم المشكلات المستجدة في باب النكاح، مؤصلة إياها تأصيلا فقهيا، ثم بينت القواعد والضوابط الفقهية المسهمة في حل هذه المشكلات وأخيرا خاتمة الرسالة: وفيها أهم ما توصل إليه البحث من نتائج وتوصيات مقترحة. |
| 520 ## - SUMMARY, ETC. | |
| Summary, etc. | Dissertation title: »Shari’ah rules and controls for family reform in contemporary society. An applied jurisprudential study«. Dissertation topic: Disclosure of the most important jurisprudential rules and controls that contribute to solving family problems in contemporary society.Dissertation plan: This dissertation consists of an introduction, four chapters, and a conclusion. |
| 530 ## - ADDITIONAL PHYSICAL FORM AVAILABLE NOTE | |
| Issues CD | صدر أيضًا كقرص مدمج. |
| 546 ## - LANGUAGE NOTE | |
| Text Language | النص بالعربية والملخص باللغة الإنجليزية والعربية. |
| 650 #7 - SUBJECT ADDED ENTRY--TOPICAL TERM | |
| Topical term or geographic name entry element | الاحوال الشخصية |
| Source of heading or term | qrmak |
| 653 #0 - INDEX TERM--UNCONTROLLED | |
| Uncontrolled term | القواعد |
| -- | الضوابط |
| -- | إصلاح الأسرة |
| 700 0# - ADDED ENTRY--PERSONAL NAME | |
| Personal name | أحمد علي أحمد موافي |
| Relator term | مشرف أطروحة. |
| 900 ## - Thesis Information | |
| Grant date | 26-12-2023 |
| Supervisory body | أحمد علي أحمد موافي |
| Discussion body | محمد قاسم المنسي |
| -- | فتحي عثمان الفقي |
| Universities | جامعة القاهرة |
| Faculties | كلية دار العلوم |
| Department | قسم الشريعة الإسلامية |
| 905 ## - Cataloger and Reviser Names | |
| Cataloger Name | Sara Salah |
| 942 ## - ADDED ENTRY ELEMENTS (KOHA) | |
| Source of classification or shelving scheme | Dewey Decimal Classification |
| Koha item type | Thesis |
| Edition | 21 |
| Suppress in OPAC | No |
| Source of classification or shelving scheme | Home library | Current library | Date acquired | Inventory number | Full call number | Barcode | Date last seen | Effective from | Koha item type |
|---|---|---|---|---|---|---|---|---|---|
| Dewey Decimal Classification | المكتبة المركزبة الجديدة - جامعة القاهرة | قاعة الرسائل الجامعية - الدور الاول | 03.05.2026 | 33168 | Cai01.06.04.Ph.D.2023.مه.ق | 01010100033168000 | 03.05.2026 | 03.05.2026 | Thesis |